|
|
|
|
| LEADER |
00953nam a2200301 a 4500 |
| 001 |
000893353 |
| 003 |
CZ BrMZK |
| 005 |
20080505064316.0 |
| 007 |
ta |
| 008 |
080416s2008 xo g 000 f hun |
| 020 |
|
|
|a 978-80-7149-972-5
|q (brož.)
|
| 040 |
|
|
|a BOA001
|b cze
|
| 041 |
1 |
|
|a hun
|h cze
|
| 072 |
|
7 |
|a 821.162.3-3
|x Česká próza
|2 Konspekt
|9 25
|
| 080 |
|
|
|a 821.162.3-32
|2 MRF
|
| 080 |
|
|
|a (0:82-32)
|2 MRF
|
| 100 |
1 |
|
|a Hájíček, Jiří,
|d 1967-
|7 jn20000401144
|4 aut
|
| 245 |
1 |
0 |
|a Parasztbarokk /
|c Jiří Hájíček ; [fordította Beke Márton]
|
| 250 |
|
|
|a 1. kiad.
|
| 260 |
|
|
|a Pozsony :
|b Kalligram,
|c 2008
|
| 300 |
|
|
|a 213 s. ;
|c 18 cm
|
| 500 |
|
|
|a Přeloženo z češtiny
|
| 655 |
|
7 |
|a české novely
|7 fd133969
|2 czenas
|
| 765 |
0 |
|
|t Selský baroko
|9 Maďarsky
|
| 910 |
2 |
|
|a BOA001
|b M1-1202.097
|
| 990 |
|
|
|a BK
|
| 991 |
|
|
|b 200805
|
| 996 |
7 |
|
|b 2610339965
|c M1-1202.097
|l MZK
|r Sklad / do 24 hodin
|n 0
|p dar
|w 000893353
|u 000010
|a 1
|e BOA001
|j MZK50
|s A
|